000 00544nam a2200145Ia 4500
008 100204s9999 xx 000 0 und d
082 _b26893
100 _aटिळक अशोक देवदत्त
245 _aचालता बोलता चमत्कार
260 _b"पॉप्युलर प्रकाशन , मुंबई"
_c2000
300 _a440
630 _aचालता बोलता चमत्कार
730 _aचालता बोलता चमत्कार
942 _cBOOK
999 _c472074
_d472071